Dictionary of library science / (Record no. 133593)

MARC details
000 -LEADER
fixed length control field 00690nam a22002297a 4500
005 - DATE AND TIME OF LATEST TRANSACTION
control field 20170124110212.0
010 ## - LIBRARY OF CONGRESS CONTROL NUMBER
LC control number A-409651
020 ## - INTERNATIONAL STANDARD BOOK NUMBER
International Standard Book Number 8170412919
Terms of availability 200.00
035 ## - SYSTEM CONTROL NUMBER
System control number A-409651
037 ## - SOURCE OF ACQUISITION
Source of stock number/acquisition Cen Lib/Ret
040 ## - CATALOGING SOURCE
Original cataloging agency DPL
Language of cataloging EN
082 ## - DEWEY DECIMAL CLASSIFICATION NUMBER
Classification number 020.3
Item number DIC
245 ## - TITLE STATEMENT
Title Dictionary of library science /
Statement of responsibility, etc edited by R. N. Chopra
246 ## - VARYING FORM OF TITLE
Remainder of title
260 ## - PUBLICATION, DISTRIBUTION, ETC. (IMPRINT)
Name of publisher, distributor, etc Anmol Publications
Date of publication, distribution, etc 1990
Place of publication, distribution, etc New Delhi
270 ## - ADDRESS
Address 4378/4B, Gali Murari Lal, Ansari Road
City New Delhi
Postal code 110002
300 ## - PHYSICAL DESCRIPTION
Extent 375p.
Dimensions 22cm(Hb)
650 ## - SUBJECT ADDED ENTRY--TOPICAL TERM
Topical term or geographic name as entry element Library Sciences -- Dictionaries
9 (RLIN) 38370
650 ## - SUBJECT ADDED ENTRY--TOPICAL TERM
Topical term or geographic name as entry element Library Sciences
9 (RLIN) 38371
700 ## - ADDED ENTRY--PERSONAL NAME
Personal name Chopra, R. N.
9 (RLIN) 38372
942 ## - ADDED ENTRY ELEMENTS (KOHA)
Source of classification or shelving scheme Dewey Decimal Classification
Koha item type English Books
Classification part 020.3
Call number suffix DIC
Holdings
Withdrawn status Lost status Damaged status Not for loan Collection code Home library Current library Date acquired Source of acquisition Cost, normal purchase price Total Checkouts Full call number Barcode Date last seen Copy number Cost, replacement price Price effective from Koha item type
      Not For Loan Reference Central Library Central Library 27/07/2015 Cen Lib/Ret 200.00   020.3 DIC A-409651 27/07/2015 1 200.00 27/07/2015 English Books

© Delhi Public Library
Hit Counter
free hit counter